000 00465nam a2200181 i 4500
001 66590
003 ES-MaACL
005 20230906165724.0
007 t|
008 040308s2000 ag ||||1| spa d
020 _a987-518-588-4
080 _a821.134.2-14"19"
100 1 _aVivanco, Santiago.
_9115542
245 1 0 _aA vos /
_cSanti Vivanco.
260 _aBuenos Aires :
_bDunken,
_c2000.
300 _a68 p. ;
_c23 cm.
852 _aES-MaACL
_jL-27046
_bR.132621
999 _c66590
_d66590